Yankeys now : immigrants in the antebellum United States, 1840-1860 /

"The first great wave of European migration to the United States before the Civil War transformed both the migrants themselves and the country they entered. The extent of this transformation has been difficult to gauge without information on migrants before and after their departure from Europe...

Full description

Saved in:
Bibliographic Details
Main Author: Ferrie, Joseph P.
Format: Book
Language:English
Published: New York : Oxford University Press, 1999.
Series:NBER series on long-term factors in economic development.
Subjects:
Tags: Add Tag
No Tags, Be the first to tag this record!
LEADER 02233cam a2200325 a 4500
001 007744609-7
005 20020606104010.5
008 970416s1999 nyuab b 001 0 eng
010 |a  97016780  
015 |a GB99-62384 
020 |a 0195109341 (alk. paper) 
035 0 |a ocm36800617 
040 |a DLC  |c DLC  |d C#P  |d UKM  |d HLS 
043 |a n-us--- 
050 0 0 |a JV6451  |b .F47 1999 
082 0 0 |a 304.8/4073  |2 21 
100 1 |a Ferrie, Joseph P. 
245 1 0 |a Yankeys now :  |b immigrants in the antebellum United States, 1840-1860 /  |c Joseph P. Ferrie. 
260 |a New York :  |b Oxford University Press,  |c 1999. 
300 |a xii, 223 p. :  |b ill., maps ;  |c 25 cm. 
490 1 |a NBER series on long-term factors in economic development 
504 |a Includes bibliographical references (p. 211-218) and index. 
505 0 |a Immigrant origins and the "saltwater curtain" -- The data: two new samples -- The context of antebellum immigration -- The geographic mobility of immigrants after their arrival at New York -- Occupational change at arrival -- Wealth accumulation, 1840-1860 -- Economic mobility and geographic persistence, 1850-1860 -- The impact of immigration on natives, 1850-1860. 
520 1 |a "The first great wave of European migration to the United States before the Civil War transformed both the migrants themselves and the country they entered. The extent of this transformation has been difficult to gauge without information on migrants before and after their departure from Europe. Yankeys Now: Immigrants in the Antebellum U.S. 1840-1860 provides the first detailed look at how these immigrants were changed by their relocation and how the American economy responded to their arrival." "Taken as a whole, Ferrie's findings demonstrate the American economy's ability to absorb additions to its workforce while also illustrating the range of opportunities available to nineteenth-century migrants drawn to the United States."--Jacket. 
650 0 |a Immigrants  |z United States  |x History  |y 19th century. 
651 0 |a United States  |x Emigration and immigration  |x History  |y 19th century. 
655 7 |a History.  |2 fast 
830 0 |a NBER series on long-term factors in economic development. 
988 |a 20020608 
906 |0 DLC